|
|
|
|
| LEADER |
00890nam a2200241 a 4500 |
| 001 |
729587 |
| 008 |
101206s1998 inua 001 0 eng d |
| 010 |
|
|
|a 98084508
|
| 020 |
|
|
|a 8176351350
|
| 020 |
|
|
|a 0672312409
|
| 040 |
|
|
|a DLC
|c DLC
|d DLC
|d BD-DhAAL
|
| 082 |
0 |
0 |
|a 005.13/3
|2 21
|
| 100 |
1 |
|
|a Chapman, Davis Howard.
|
| 245 |
0 |
0 |
|a Sams teach yourself Visual C++ 6 in 21 days /
|c Davis Chapman.
|
| 246 |
3 |
0 |
|a Teach yourself Visual C++ 6 in 21 days
|
| 260 |
|
|
|a Indianapolis, Ind. :
|b Sams ;
|b Techmedia,
|c c1998.
|
| 300 |
|
|
|a xvii, 769 p. :
|b ill. ;
|c 24 cm.
|
| 500 |
|
|
|a Includes index.
|
| 541 |
1 |
|
|e 00007125
|
| 650 |
|
0 |
|a C++ (Computer program language)
|
| 852 |
4 |
|
|a Ayesha Abed library
|j General Shelf
|
| 999 |
|
|
|c 10228
|d 10228
|
| 952 |
|
|
|0 0
|1 0
|2 ddc
|4 0
|6 005_133000000000000_CHA
|7 0
|9 13643
|a BRACUL
|b BRACUL
|c GEN
|d 2010-12-15
|l 1
|m 7
|o 005.133 CHA
|p 3010007125
|r 2011-08-17
|s 2011-07-04
|t 1
|w 2010-12-15
|y BK
|